Random Trivia Questions - Statistics

General Stats
  • This quiz has been taken 135 times
  • The average score is 9 of 10
Answer Stats
Question Answer % Correct
What is the traditional color of Christmas? (Any from the 2.) Red / Green
97%
What is the largest planet in our solar system? Jupiter
94%
Which animal is known as the “king of the jungle” but lives in grasslands and savannas? Lion
94%
What is the closest planet to the Sun? Mercury
93%
Which bird is known for its vibrant plumage and can mimic human speech? Parrot
93%
Who was the first President of the United States? George Washington
92%
What is the largest mammal on earth? Blue Whale
87%
Who is known as the inventor of the light bulb? Thomas Eddison
84%
What is a group of lions called? Pride
75%
What is the only mammal capable of true flight? Bat
60%
No matching quizzes found
Score Distribution
Percent of People with Each Score
Percentile by Number Answered
Your Score History
You have not taken this quiz